00339nam a22001457a 4500003000400000020001800004082001700022100001800039245005800057250000900115260002700124300000800151650001700159653001700176SGT a9789393330017 a616.01bA22K aKanungo, Reba aAnanthanarayan and Paniker's Textbook of Microbiology a12th bUniversity Pressc2022 a658 aMicrobiology aMicrobiology